| 000 | 00000nam##2200000za#4500 |
| 001 | 9.661795 |
| 003 | CaOODSP |
| 005 | 20200330131010 |
| 007 | ta |
| 008 | 150407|2000||||xxc||||| f|0| 0 eng|d |
| 020 | |a0-662-64922-2 |
| 040 | |aCaOODSP|beng |
| 041 | |aeng |
| 041 | |afre |
| 043 | |an-cn--- |
| 086 | 1 |aEn105-57/2000 |
| 110 | 1 |aCanada. |bCanadian Environmental Assessment Agency. |
| 245 | 10|aWorking for Canada's environment |
| 260 | |aOttawa - Ontario : |bCanadian Environmental Assessment Agency |c2000. |
| 300 | |aEnglish text, 14p. ; |c23 cm. |
| 500 | |a"The next few pages outline some of our accomplishments from last year as well as our commitment for the year to come. The accomplishments and commitments are grouped under four broad headings: Promoting high-quality EA; Improving cooperative relationships with other jurisdictions; Building partnerships with stakeholders; and Conducting a comprehensive review of the Act."--Page 3. |
| 520 | 3 |aThe next few pages outline some of our accomplishments from last year as well as our commitment for the year to come. The accomplishments and commitments are grouped under four broad headings: Promoting high-quality EA; Improving cooperative relationships with other jurisdictions; Building partnerships with stakeholders; and Conducting a comprehensive review of the Act.--Page 3 |
| 546 | |aBilingual |
| 563 | |aPamphlet |
| 590 | |a00-20|b2000-05-19 |
| 690 | 07|aEnvironmental impact assessment|2gcpds |
| 776 | 0#|tL'Agence canadienne d'évaluation environnementale - oeuvre au profit de l'environnement du Canada |w(CaOODSP)9.639914 |
| 776 | 0#|tCanadian Environmental Assessment Agency - working for Canada's environment |w(CaOODSP)9.695825 |
| 792 | |tOeuvre au profit de l'environnement du Canada |efre|w(CaOODSP)9.661796 |